| 000 | 02366cab a2200301 ab4500 | ||
|---|---|---|---|
| 005 | 20240920064519.0 | ||
| 008 | 991125c2016 sp fr p o 000 0 spa d | ||
| 035 | _aUPN01000222993 | ||
| 040 |
_aMX-MxUPN _bspa _cMX-MxUPN _eaacr2 |
||
| 049 | _aART-E | ||
| 100 | 1 | _aMadrid López, Pablo Diego | |
| 100 | 1 |
_aPrieto Ayuso, Alejandro _6- Alejandro.Prieto@uclm.es |
|
| 100 | 1 | _aSamalot Rivera, Amaury | |
| 100 | 1 | _aGil Madrona, Pedro | |
| 245 | 1 | 0 |
_aEvaluación de una propuesta extraescolar de conductas apropiadas en educación física y deportiva _h[recurso electrónico en línea] |
| 506 | 0 | _aAcceso abierto | |
| 520 | 3 | _aEste trabajo pretende dar a conocer una intervención en un contexto extraescolar a través de una evaluación pre y post de una propuesta didáctica, con el propósito de favorecer las conductas apropiadas (compromiso, educación para la salud, competitividad y tolerancia) en el ámbito de la Educación Física y el deporte. La propuesta ha tenido lugar en la localidad de San Clemente (Cuenca) con un grupo de 28 alumnos y alumnas (18 niños y 10 niñas), pertenecientes a 1º de Educación Primaria, durante un periodo de tres meses. La técnica utilizada en la recogida de información ha sido la observación y el instrumento de recogida de datos una hoja de anotación sistemática elaborada al efecto sobre los hábitos y conductas apropiados en educación física y deportiva (compromiso, educación para la salud, competitividad y tolerancia). Los resultados obtenidos muestran que dichas conductas eran realizadas inicialmente en un 55,27% entre los participantes, mientras que al final se obtienen valores que reflejan un 87,8%. La conducta con un mayor incremento tanto en las niñas como en los niños ha sido la competitividad. Finalmente, se concluye la necesidad de implementar este tipo de propuestas para mejorar conductas apropiadas en la Educación Física y el Deporte. Retos. | |
| 650 | 4 |
_aEducación física _912884 |
|
| 653 | 0 | _aAdaptación social | |
| 653 | 0 | _aDeporte | |
| 653 | 0 | _aOcio | |
| 653 | 0 | _aTiempo libre | |
| 773 |
_gNo. 30 (2016), p. 36-42 _tRetos : nuevas tendencias en educación física, deportes y recreación _x1988-2041 |
||
| 856 | 4 | _uhttps://recyt.fecyt.es/index.php/retos/article/view/38552/30088 | |
| 902 | _bLeonor Sotres/190324 | ||
| 905 | _aArticulo | ||
| 942 |
_2lcc _cART-E |
||
| 999 |
_c195090 _d195090 |
||